Historia de la literatura latina

Saved in:
Bibliografiske detaljer
Hovedforfatter: Buchner, Karl
Format: Bog
Sprog:spansk
Udgivet: Barcelona, España Labor 1968
Fag:
Tags: Tilføj Tag
Ingen Tags, Vær først til at tagge denne postø!

MARC

LEADER 00000nam a2200000 a 4500
001 UCY3539
003 CL-VaPUC
005 20210921074525.0
008 950104e19680000SP |||||||||||||||||spa|d
999 |c 231645  |d 231643 
040 |c Pontificia Universidad Católica de Valparaíso 
082 0 4 |a 870.9 BUC 1968  |2 21 
100 0 |a Buchner, Karl  |9 331852 
245 1 0 |a Historia de la literatura latina 
260 0 3 |a Barcelona, España  |b Labor  |c 1968 
300 |a 491 páginas 
583 |a last modification  |c 19950104 00:00:00  |k Rodrigo Vera 
650 7 |a LITERATURA LATINA  |2 CL-VaPUC  |9 331853 
650 0 |a Historia y crítica   |9 257407 
942 |c BK  |2 ddc 
945 |d 19950104 00:00:00  |a rbrito 
952 |0 0  |1 0  |2 ddc  |4 0  |6 870_900000000000000_BUC_1968  |7 0  |8 A  |9 235088  |a BIBART  |b BIBART  |d 2019-11-15  |i 3045307  |o 870.9 BUC 1968  |p 3045307  |r 2025-03-13  |t 1  |w 2019-11-15  |y BK  |k ART